[Event "Kingston Invitational Swiss"]
[Site "Kingston-upon-Thames"]
[Date "2025.08.12"]
[Round "2.2"]
[White "Farrand, Tom"]
[Black "Lund, Gunnar"]
[Result "0-1"]
[WhiteElo "2077"]
[BlackElo "2326"]
[PlyCount "48"]
[EventDate "2025.08.12"]
[EventType "swiss"]
[EventRounds "9"]
[EventCountry "ENG"]

1. c4 c6 2. Nc3 d5 3. e3 Nf6 4. Nf3 e6 5. b3 Bd6 6. Bb2 O-O 7. Qc2 e5 8. cxd5 cxd5 9. Nb5 Nc6 10. Nxd6 Qxd6 11. a3 Bg4 12. h3 Bxf3 13. gxf3 Rac8 14. Qf5 d4 15. Rg1 Rfd8 16. d3 Ne7 17. Qg5 Ng6 18. Be2 Rc2 19. Rb1 dxe3 20. fxe3 Rxe2+ 21. Kxe2 Qxd3+ 22. Kf2 h6 23. Qg2 Qc2+ 24. Kg3 Rd2 0-1

[Event "Kingston Invitational Swiss"]
[Site "Kingston-upon-Thames"]
[Date "2025.08.12"]
[Round "2.3"]
[White "Verma, Shlok"]
[Black "Lalic, Susan K"]
[Result "1-0"]
[WhiteElo "2076"]
[BlackElo "2204"]
[PlyCount "125"]
[EventDate "2025.08.12"]
[EventType "swiss"]
[EventRounds "9"]
[EventCountry "ENG"]

1. d4 e6 2. c4 Bb4+ 3. Nc3 f5 4. Qb3 a5 5. g3 Nf6 6. Bg2 O-O 7. Bg5 Nc6 8. Bxf6 Qxf6 9. e3 a4 10. Qc2 a3 11. b3 f4 12. Nf3 e5 13. O-O Bxc3 14. Qxc3 e4 15. Nd2 f3 16. Bh1 Re8 17. b4 d6 18. Rab1 Bh3 19. Rfc1 h5 20. d5 Ne5 21. Nxe4 Qf5 22. Nd2 Nd3 23. Nxf3 Nxc1 24. Rxc1 Rf8 25. Rc2 Rae8 26. Nd4 Qg4 27. f3 Qg6 28. Qxa3 h4 29. Kf2 hxg3+ 30. hxg3 Ra8 31. Qb3 Bd7 32. b5 Bf5 33. Rd2 Qh6 34. Bg2 Bh3 35. Qd3 Ra4 36. Rc2 Rfa8 37. Qe2 Ra3 38. f4 Bxg2 39. Kxg2 Re8 40. Ne6 Qg6 41. Kf2 Qe4 42. Rd2 c6 43. Qf3 cxd5 44. cxd5 Qb4 45. Re2 Qxb5 46. Nc7 Qd7 47. Nxe8 Qxe8 48. Qg4 b5 49. Qe6+ Qxe6 50. dxe6 Kf8 51. f5 Ke7 52. Kf3 Kf6 53. g4 g6 54. Kf4 Ra4+ 55. e4 g5+ 56. Ke3 Ke5 57. e7 Ra3+ 58. Kf2 Ra8 59. Rd2 Re8 60. Rd5+ Kxe4 61. Rxd6 Ke5 62. Re6+ Kd5 63. Re2 1-0

[Event "Kingston Invitational Swiss"]
[Site "Kingston-upon-Thames"]
[Date "2025.08.12"]
[Round "2.4"]
[White "Agrawal, Shivam"]
[Black "Yu, Rock"]
[Result "1/2-1/2"]
[WhiteElo "2047"]
[BlackElo "2107"]
[PlyCount "88"]
[EventDate "2025.08.12"]
[EventType "swiss"]
[EventRounds "9"]
[EventCountry "ENG"]

1. d4 e6 2. Nf3 Nf6 3. Bf4 b6 4. c4 Bb7 5. Nc3 Bb4 6. e3 O-O 7. Bd3 d5 8. O-O Nbd7 9. cxd5 exd5 10. Nb5 c6 11. Nd6 Bxd6 12. Bxd6 Re8 13. b4 Ne4 14. Bf4 Qe7 15. Qb3 a5 16. a3 h6 17. Rfc1 Qf6 18. Bxe4 Rxe4 19. Ne5 Nxe5 20. dxe5 Qe6 21. f3 a4 22. Qb2 Rc4 23. Rxc4 dxc4 24. Qd4 b5 25. e4 g5 26. Be3 Re8 27. Rd1 Kh7 28. Qb6 Bc8 29. Qc7 Re7 30. Qd8 c3 31. Rd6 Qxe5 32. Bd4 c2 33. Rxc6 Rd7 34. Bxe5 Rxd8 35. Rxc2 Be6 36. Kf2 Rd3 37. Bc3 Bb3 38. Rc1 Bc4 39. Kg3 Kg6 40. h4 f6 41. hxg5 hxg5 42. Kg4 Be6+ 43. Kg3 Bc4 44. Kg4 Be6+ 1/2-1/2

[Event "Kingston Invitational Swiss"]
[Site "Kingston-upon-Thames"]
[Date "2025.08.12"]
[Round "2.5"]
[White "Hawksworth, John C"]
[Black "Kothari, Jai"]
[Result "1/2-1/2"]
[WhiteElo "2351"]
[BlackElo "2051"]
[PlyCount "32"]
[EventDate "2025.08.12"]
[EventType "swiss"]
[EventRounds "9"]
[EventCountry "ENG"]

1. Nf3 c5 2. c4 d6 3. Nc3 g6 4. g3 Bg7 5. Bg2 e5 6. d3 Nc6 7. a3 a5 8. Nd5 Nge7 9. Bg5 h6 10. Bf6 O-O 11. Nd2 Bxf6 12. Nxf6+ Kg7 13. Nde4 Be6 14. O-O d5 15. Nxd5 Nxd5 16. cxd5 Bxd5 1/2-1/2

[Event "Kingston Invitational Swiss"]
[Site "Kingston-upon-Thames"]
[Date "2025.08.12"]
[Round "2.6"]
[White "Rudd, Jack"]
[Black "Wilson, Ewan"]
[Result "0-1"]
[WhiteElo "2259"]
[BlackElo "2020"]
[PlyCount "92"]
[EventDate "2025.08.12"]
[EventType "swiss"]
[EventRounds "9"]
[EventCountry "ENG"]

1. d4 Nf6 2. c4 e6 3. Nf3 d5 4. cxd5 exd5 5. Nc3 c6 6. Bg5 Be7 7. Qc2 g6 8. e3 Bf5 9. Bd3 Bxd3 10. Qxd3 Nbd7 11. O-O O-O 12. Rab1 a5 13. a3 Nb6 14. Nd2 Qd7 15. b4 axb4 16. axb4 Rfc8 17. Nb3 Nc4 18. Nc5 Qc7 19. b5 Bxc5 20. dxc5 Nd7 21. Bf4 Nxc5 22. Qd4 Qe7 23. bxc6 bxc6 24. Bh6 Ne6 25. Qd3 Qh4 26. Bf4 Nxf4 27. exf4 Qxf4 28. Ne2 Qd2 29. Qf3 Ra3 30. Qg4 Re8 31. Ng3 Qc3 32. Qd7 Qe5 33. Rb7 Qe6 34. h4 Qxd7 35. Rxd7 h5 36. Rb1 Ne5 37. Rd6 Re6 38. Rd8+ Kg7 39. f3 Ra4 40. Rf1 Nd3 41. Rd1 Re1+ 42. Rxe1 Nxe1 43. Rd6 Rc4 44. Ne2 Nd3 45. g3 Kf8 46. Rd7 Ne5 0-1

[Event "Kingston Invitational Swiss"]
[Site "Kingston-upon-Thames"]
[Date "2025.08.12"]
[Round "2.7"]
[White "Xian, Junhao"]
[Black "Andal, Edmond"]
[Result "1-0"]
[WhiteElo "2159"]
[BlackElo "2011"]
[PlyCount "87"]
[EventDate "2025.08.12"]
[EventType "swiss"]
[EventRounds "9"]
[EventCountry "ENG"]

1. d4 a6 2. a4 d5 3. Bf4 Nf6 4. e3 c5 5. c3 Qb6 6. Qc1 Bf5 7. Nf3 Nbd7 8. h3 Rc8 9. Nbd2 h6 10. a5 Qd8 11. Qd1 Rc6 12. Qb3 Qc8 13. Ne5 Nxe5 14. dxe5 c4 15. Qd1 Ne4 16. Nf3 Rc5 17. Nd4 Bg6 18. h4 Rc7 19. e6 Nd6 20. h5 Bh7 21. exf7+ Kd8 22. Nf3 e6 23. Ne5 Nxf7 24. Ng6 Bxg6 25. Bxc7+ Qxc7 26. hxg6 Ng5 27. b3 cxb3 28. Qxb3 Bc5 29. Be2 Ne4 30. Bf3 Nd6 31. O-O h5 32. Rfd1 h4 33. c4 h3 34. gxh3 Rxh3 35. Kg2 Rh6 36. cxd5 Rxg6+ 37. Kf1 Rf6 38. dxe6 Rxf3 39. Rac1 Qxa5 40. Qxb7 Qb5+ 41. Qxb5 axb5 42. Rxc5 Ke7 43. Rc7+ Kxe6 44. Rc6 1-0

[Event "Kingston Invitational Swiss"]
[Site "Kingston-upon-Thames"]
[Date "2025.08.12"]
[Round "2.8"]
[White "Keane, Graham D J"]
[Black "Bates, Caspar J"]
[Result "1/2-1/2"]
[WhiteElo "2146"]
[BlackElo "2010"]
[PlyCount "57"]
[EventDate "2025.08.12"]
[EventType "swiss"]
[EventRounds "9"]
[EventCountry "ENG"]

1. d4 e6 2. Nc3 d5 3. Bf4 Bd6 4. e3 Bxf4 5. exf4 Nf6 6. Nf3 O-O 7. a3 b6 8. Ne5 Bb7 9. Be2 c5 10. O-O Nc6 11. Nxc6 Bxc6 12. Qd2 Rc8 13. Rfd1 Bb7 14. Rac1 Qd7 15. Qe3 a6 16. Rd2 Qc7 17. Rcd1 Rfe8 18. Bf3 b5 19. Ne2 cxd4 20. Qxd4 Qb8 21. c3 Nd7 22. Qe3 Nc5 23. f5 exf5 24. Qg5 Ne4 25. Bxe4 fxe4 26. Nf4 Re5 27. Qg3 g6 28. Nxd5 Bxd5 29. Rxd5 1/2-1/2

[Event "Kingston Invitational Swiss"]
[Site "Kingston-upon-Thames"]
[Date "2025.08.12"]
[Round "2.9"]
[White "Eames, Robert S"]
[Black "Taylor, William J"]
[Result "0-1"]
[WhiteElo "2136"]
[BlackElo "1985"]
[PlyCount "80"]
[EventDate "2025.08.12"]
[EventType "swiss"]
[EventRounds "9"]
[EventCountry "ENG"]

1. e4 e5 2. Nf3 Nf6 3. Nxe5 Nxe4 4. Qe2 Qe7 5. Qxe4 d6 6. d4 dxe5 7. dxe5 Nc6 8. Nc3 Qxe5 9. Qxe5+ Nxe5 10. Nb5 Bb4+ 11. c3 Ba5 12. Bf4 f6 13. O-O-O Be6 14. b3 O-O 15. h3 a6 16. Nd4 Bf7 17. Kb2 Rad8 18. Be2 Rfe8 19. Rhe1 Bd5 20. g4 c5 21. Nf5 b5 22. Be3 c4 23. g5 b4 24. gxf6 bxc3+ 25. Ka3 c2 26. Ne7+ Kf7 27. Nxd5 cxd1=Q 28. Rxd1 c3 29. f4 c2 30. Rg1 Rxd5 31. fxe5 Rdxe5 32. Bc4+ Kxf6 33. Rf1+ Ke7 34. Rf7+ Kd8 35. Bc1 Bc3 36. b4 Re1 37. Kb3 Rxc1 38. Kxc3 Re7 39. Rf8+ Kc7 40. Bxa6 Ra1 0-1

[Event "Kingston Invitational Swiss"]
[Site "Kingston-upon-Thames"]
[Date "2025.08.12"]
[Round "2.10"]
[White "Stevenson, James"]
[Black "Villiers, Thomas"]
[Result "1/2-1/2"]
[WhiteElo "1969"]
[BlackElo "2156"]
[PlyCount "150"]
[EventDate "2025.08.12"]
[EventType "swiss"]
[EventRounds "9"]
[EventCountry "ENG"]

1. d4 d5 2. c4 c6 3. Nf3 Nf6 4. Qc2 g6 5. g3 Bg7 6. Bg2 O-O 7. Nbd2 Bf5 8. Qb3 Qc7 9. O-O Nbd7 10. cxd5 cxd5 11. Nb1 Rfc8 12. Nc3 Nb6 13. Ne5 Be6 14. Bf4 Qd8 15. Be3 Ne4 16. Nf3 Nxc3 17. bxc3 Nc4 18. Bf4 Na5 19. Qa3 Rc6 20. Rac1 Nc4 21. Qb3 Rb6 22. Qd1 Ra6 23. Qb3 Qd7 24. Ng5 Rb6 25. Qd1 Rb2 26. Nxe6 Qxe6 27. Rc2 Qc6 28. Rxb2 Nxb2 29. Qb3 Nc4 30. e4 dxe4 31. Bxe4 Qxe4 32. Qxc4 e5 33. Be3 exd4 34. cxd4 h5 35. h4 Re8 36. Rc1 Qf3 37. Rc3 Bh6 38. Qb3 Bxe3 39. Rxe3 Rxe3 40. Qxe3 Qd5 41. a3 b5 42. Qc3 Qc4 43. Qe3 a5 44. Qe8+ Kh7 45. Qd7 b4 46. axb4 axb4 47. d5 Kg7 48. Qc6 Qd3 49. d6 b3 50. Qb6 Qb1+ 51. Kh2 Qd1 52. d7 Qxd7 53. Qxb3 Qd4 54. Qf3 Kf8 55. Kg2 Ke7 56. Qb7+ Ke6 57. Qc6+ Qd6 58. Qe4+ Qe5 59. Qc6+ Ke7 60. Qb7+ Kf6 61. Qf3+ Kg7 62. Qb7 Qe6 63. Qb2+ Kh7 64. Qd4 Qf5 65. Kh2 Qf3 66. Kg1 f6 67. Qd7+ Kh6 68. Qe8 Qd1+ 69. Kh2 g5 70. Qf8+ Kg6 71. Qe8+ Kf5 72. Qc8+ Kg6 73. hxg5 fxg5 74. Qe6+ Kg7 75. Qe7+ Kg6 1/2-1/2

[Event "Kingston Invitational Swiss"]
[Site "Kingston-upon-Thames"]
[Date "2025.08.12"]
[Round "2.11"]
[White "Josse, Mark"]
[Black "Skettos, Nicolas"]
[Result "1-0"]
[WhiteElo "2113"]
[BlackElo "1968"]
[PlyCount "79"]
[EventDate "2025.08.12"]
[EventType "swiss"]
[EventRounds "9"]
[EventCountry "ENG"]

1. c4 e5 2. Nc3 Bb4 3. Qc2 Nf6 4. Nf3 Nc6 5. e3 O-O 6. Nd5 Re8 7. Qf5 d6 8. Nxf6+ Qxf6 9. Qxf6 gxf6 10. a3 Bc5 11. b4 Bb6 12. Bb2 a5 13. b5 Ne7 14. Rc1 c6 15. d4 Bg4 16. c5 dxc5 17. dxe5 Bxf3 18. gxf3 fxe5 19. Bxe5 Ng6 20. Bb2 cxb5 21. Bxb5 Red8 22. h4 h5 23. Bc4 a4 24. Rg1 Kf8 25. Rg5 Ba5+ 26. Kf1 Rd2 27. Bf6 Bd8 28. Bxd8 Raxd8 29. Rxh5 Rb2 30. Bd5 b6 31. Rc4 Rd2 32. Be4 Kg7 33. Rxa4 Rd1+ 34. Kg2 R8d2 35. Bxg6 fxg6 36. Ra7+ Kf6 37. Rhh7 c4 38. Rae7 g5 39. h5 g4 40. f4 1-0

[Event "Kingston Invitational Swiss"]
[Site "Kingston-upon-Thames"]
[Date "2025.08.12"]
[Round "2.12"]
[White "Young, Daniel J"]
[Black "Osborne, Marcus E"]
[Result "0-1"]
[WhiteElo "1958"]
[BlackElo "2142"]
[PlyCount "98"]
[EventDate "2025.08.12"]
[EventType "swiss"]
[EventRounds "9"]
[EventCountry "ENG"]

1. e4 c5 2. Nf3 e6 3. d4 cxd4 4. Nxd4 Nc6 5. Nc3 Qc7 6. Be3 a6 7. Qf3 Nf6 8. Be2 Be7 9. O-O-O b5 10. Nxc6 dxc6 11. e5 Nd5 12. Nxd5 cxd5 13. Qg3 g6 14. Bh6 Bd7 15. f4 b4 16. Kb1 a5 17. Rhe1 a4 18. f5 a3 19. fxe6 fxe6 20. b3 Rc8 21. Bd3 Qc3 22. Bc1 Kd8 23. Qe3 Bc5 24. Qd2 Bd4 25. Qxc3 Bxc3 26. Re2 Rf8 27. Bg5+ Kc7 28. Bf6 Kb6 29. Rf1 Bd4 30. Rf3 Bb5 31. Re1 Rc3 32. Rd1 Bxd3 33. Rdxd3 Rxd3 34. cxd3 Kb5 35. h3 Rc8 36. Rf1 Rc3 37. Rd1 Bf2 38. Rf1 Bg3 39. Rd1 Bf4 40. Rf1 g5 41. h4 Rxd3 42. hxg5 Be3 43. Rh1 Rd2 44. Rxh7 Rb2+ 45. Ka1 Rc2 46. Rh1 Bd4+ 47. Kb1 Rb2+ 48. Kc1 Rxa2 49. g6 Rxg2 0-1

[Event "Kingston Invitational Swiss"]
[Site "Kingston-upon-Thames"]
[Date "2025.08.12"]
[Round "2.13"]
[White "Armstrong, Alastair"]
[Black "Hughes, Anthony"]
[Result "1/2-1/2"]
[WhiteElo "2108"]
[BlackElo "1930"]
[PlyCount "59"]
[EventDate "2025.08.12"]
[EventType "swiss"]
[EventRounds "9"]
[EventCountry "ENG"]

1. e4 c6 2. Nc3 d5 3. Nf3 dxe4 4. Nxe4 Nf6 5. Qe2 Nxe4 6. Qxe4 Nd7 7. Bc4 Nf6 8. Ne5 e6 9. Qe2 b5 10. Bb3 Qc7 11. a4 Bd6 12. f4 O-O 13. axb5 cxb5 14. Qxb5 a5 15. Qe2 a4 16. Rxa4 Rxa4 17. Bxa4 Nd5 18. g3 Qa7 19. Bb3 Bc5 20. c3 Qa1 21. Kd1 Rd8 22. Kc2 Ba6 23. Bc4 Qa4+ 24. Kb1 Ra8 25. Bxa6 Rxa6 26. Qc4 Qa1+ 27. Kc2 Bf8 28. Nd7 Nb6 29. Nxb6 Rxb6 30. d4 1/2-1/2

[Event "Kingston Invitational Swiss"]
[Site "Kingston-upon-Thames"]
[Date "2025.08.12"]
[Round "2.14"]
[White "Rice, Chris B"]
[Black "Healey, Michael W"]
[Result "0-1"]
[WhiteElo "1926"]
[BlackElo "2135"]
[PlyCount "88"]
[EventDate "2025.08.12"]
[EventType "swiss"]
[EventRounds "9"]
[EventCountry "ENG"]

1. d4 f5 2. Nf3 Nf6 3. e3 e6 4. Be2 Be7 5. O-O O-O 6. c4 d6 7. b4 Ne4 8. Bb2 Nd7 9. Qc1 Qe8 10. Ne1 Bg5 11. Nd3 b5 12. c5 Ndf6 13. f3 Nd5 14. Nf4 Bxf4 15. exf4 Nef6 16. Nc3 Rb8 17. Nxd5 Nxd5 18. Qd2 Bd7 19. Rfe1 Qd8 20. Rac1 Qh4 21. g3 Qh5 22. Bd1 Rbe8 23. a3 g5 24. fxg5 f4 25. g4 Qxg5 26. Qf2 Ne3 27. cxd6 cxd6 28. Rc7 Qd8 29. Rxa7 Rf7 30. Ra6 Bc8 31. Rc6 Bb7 32. Rc1 Bd5 33. Be2 Qb8 34. Qh4 Rg7 35. Kf2 Qb7 36. Qh5 Rf8 37. Rg1 e5 38. dxe5 Qb6 39. Rc5 dxc5 40. e6 Qxe6 41. Bxg7 Kxg7 42. bxc5 Qh6 43. Qe5+ Rf6 44. h3 Qh4+ 0-1

[Event "Kingston Invitational Swiss"]
[Site "Kingston-upon-Thames"]
[Date "2025.08.12"]
[Round "2.15"]
[White "Frostick, Clive A"]
[Black "Gosling, Marcus"]
[Result "1-0"]
[WhiteElo "2095"]
[BlackElo "1909"]
[PlyCount "87"]
[EventDate "2025.08.12"]
[EventType "swiss"]
[EventRounds "9"]
[EventCountry "ENG"]

1. e4 c6 2. Nc3 d5 3. Nf3 dxe4 4. Nxe4 Nf6 5. Qe2 Nxe4 6. Qxe4 Qa5 7. Bc4 Qf5 8. Qe3 Qxc2 9. Bd3 Qa4 10. b3 Qg4 11. Bb2 Qe6 12. Ne5 b5 13. Rc1 Bd7 14. O-O f6 15. Nxd7 Qxe3 16. Nxf6+ exf6 17. dxe3 Bd6 18. Rfd1 Ke7 19. Be4 Rd8 20. f4 Bc5 21. Kf2 Rxd1 22. Rxd1 h6 23. Kf3 a5 24. a4 Ra7 25. Rc1 Bd6 26. Bxc6 Nxc6 27. Rxc6 Rb7 28. Bc3 bxa4 29. bxa4 Bb4 30. Bd4 Kd7 31. Ra6 Kc7 32. Ke4 Be1 33. Ra7 Rxa7 34. Bxa7 g6 35. g4 Kc6 36. Bd4 Bh4 37. Bc3 Kc5 38. Bxa5 Bf2 39. Bd2 Kc4 40. a5 Kb5 41. Kd5 Bg1 42. h3 g5 43. f5 Bh2 44. Bc3 1-0

[Event "Kingston Invitational Swiss"]
[Site "Kingston-upon-Thames"]
[Date "2025.08.12"]
[Round "2.16"]
[White "Bashylina, Luisa"]
[Black "Gajowniczek, Maks"]
[Result "1-0"]
[WhiteElo "2085"]
[BlackElo "1847"]
[PlyCount "69"]
[EventDate "2025.08.12"]
[EventType "swiss"]
[EventRounds "9"]
[EventCountry "ENG"]

1. d4 Nf6 2. c4 c5 3. d5 b5 4. cxb5 g6 5. Nc3 a6 6. e4 d6 7. a4 Nbd7 8. Nf3 Bg7 9. Qc2 O-O 10. Ra3 e6 11. Be2 exd5 12. exd5 Nb6 13. Bg5 h6 14. Bxf6 Bxf6 15. O-O Bxc3 16. bxc3 axb5 17. Bxb5 Bf5 18. Qd2 Be4 19. Qxh6 Bxf3 20. gxf3 c4 21. Rd1 Qf6 22. Qe3 Rfb8 23. Raa1 Qf5 24. Qe4 Qg5+ 25. Kh1 Ra7 26. a5 Re7 27. Qg4 Qxg4 28. fxg4 Nd7 29. Bxc4 Re4 30. Bd3 Rxg4 31. a6 Kg7 32. a7 Ra8 33. Bb5 Ne5 34. Rd4 Rg5 35. f4 1-0

[Event "Kingston Invitational Swiss"]
[Site "Kingston-upon-Thames"]
[Date "2025.08.12"]
[Round "2.17"]
[White "Bhatia, Jai"]
[Black "Cowan, Xavier"]
[Result "0-1"]
[WhiteElo "1708"]
[BlackElo "1854"]
[PlyCount "64"]
[EventDate "2025.08.12"]
[EventType "swiss"]
[EventRounds "9"]
[EventCountry "ENG"]

1. c4 d6 2. d4 e5 3. dxe5 dxe5 4. Qxd8+ Kxd8 5. f4 Nd7 6. fxe5 Nxe5 7. e4 Be6 8. b3 Bb4+ 9. Bd2 Bxd2+ 10. Nxd2 Nf6 11. O-O-O Ke7 12. Ngf3 Neg4 13. Re1 Nd7 14. Be2 Nc5 15. Rhg1 Rhd8 16. Kc2 f6 17. Nh4 Kf7 18. Nf5 Bxf5 19. exf5 Ne3+ 20. Kc3 Nxf5 21. Bg4 Rd3+ 22. Kb4 Na6+ 23. Ka3 Ne3 24. Bd1 Rad8 25. Ka4 Rxd2 26. Bf3 Rxa2+ 27. Kb5 c6+ 28. Bxc6 bxc6+ 29. Kxc6 Nc2 30. Re4 Ncb4+ 31. Kb7 Rb8+ 32. Kxa7 Nc6# 0-1

[Event "Kingston Invitational Swiss"]
[Site "Kingston-upon-Thames"]
[Date "2025.08.12"]
[Round "2.18"]
[White "Rudzinska, Michalina"]
[Black "Waddington, Mike P"]
[Result "1-0"]
[WhiteElo "2200"]
[BlackElo "2034"]
[PlyCount "95"]
[EventDate "2025.08.12"]
[EventType "swiss"]
[EventRounds "9"]
[EventCountry "ENG"]

1. e4 e5 2. Nf3 Nc6 3. d4 exd4 4. Nxd4 Bb4+ 5. c3 Bc5 6. Nf5 g6 7. Ne3 Nf6 8. Bd3 d5 9. exd5 Nxd5 10. Nxd5 Qxd5 11. O-O Be6 12. Qc2 O-O-O 13. Be4 Qh5 14. Bf4 Bd5 15. Nd2 Rhe8 16. Rae1 Bxe4 17. Nxe4 Qf5 18. Bg3 Ne5 19. Qa4 Bb6 20. c4 Bd4 21. Kh1 Re6 22. Qc2 h5 23. f3 Rc6 24. b3 h4 25. Bxh4 Rh8 26. Bg3 Qh5 27. Rd1 Rd8 28. Nc3 a6 29. Ne2 Bc5 30. Rxd8+ Kxd8 31. Qe4 Nd7 32. Rd1 f5 33. Bh4+ g5 34. Qxf5 Qe8 35. Bxg5+ Kc8 36. Ng3 Re6 37. Ne4 Re5 38. Qg4 Bb4 39. h4 b5 40. cxb5 axb5 41. Bf4 Re6 42. Rc1 c6 43. Bg3 Kb7 44. Ng5 Bd2 45. Qxe6 Qxe6 46. Nxe6 Bxc1 47. Bf2 Ne5 48. Bd4 1-0

[Event "Kingston Invitational Swiss"]
[Site "Kingston-upon-Thames"]
[Date "2025.08.12"]
[Round "2.19"]
[White "Achour, Mohamed Anis"]
[Black "Verma, Aditya"]
[Result "1-0"]
[WhiteElo "2126"]
[BlackElo "2093"]
[PlyCount "111"]
[EventDate "2025.08.12"]
[EventType "swiss"]
[EventRounds "9"]
[EventCountry "ENG"]

1. d4 Nf6 2. c4 e6 3. g3 d5 4. Bg2 Be7 5. Nf3 Ne4 6. O-O f5 7. b3 Nc6 8. Bb2 Bf6 9. Ne5 O-O 10. cxd5 exd5 11. Nd2 Ne7 12. b4 a5 13. f3 Nxd2 14. Qxd2 axb4 15. Qxb4 Ra6 16. a4 Re8 17. f4 Rb6 18. Qd2 Be6 19. Bc3 Ra6 20. Rfb1 Qa8 21. a5 Nc6 22. e3 Nd8 23. Bf1 Ra7 24. Bb4 Nf7 25. Qc1 Bxe5 26. fxe5 Qc8 27. Bc5 Ra8 28. Bd3 h5 29. Bb5 c6 30. Be2 g6 31. Bf3 Ng5 32. Bg2 Qc7 33. Qb2 Bc8 34. h4 Ne4 35. Bxe4 dxe4 36. Qc3 Be6 37. Rb2 b5 38. Bb6 Qb7 39. d5 cxd5 40. Rxb5 Ra6 41. Rc5 Rc8 42. Rxc8+ Qxc8 43. Qxc8+ Bxc8 44. Rc1 Ra8 45. Rc6 Kf7 46. Rf6+ Ke7 47. Bc5+ Kd7 48. e6+ Kc7 49. e7 Bb7 50. a6 Bc6 51. a7 Be8 52. Kf2 Kb7 53. Rd6 Kc7 54. Rd8 Kb7 55. Rxd5 Rc8 56. Rd8 1-0

[Event "Kingston Invitational Swiss"]
[Site "Kingston-upon-Thames"]
[Date "2025.08.12"]
[Round "2.20"]
[White "Han, Qixiang"]
[Black "Claverie, Raul"]
[Result "0-1"]
[WhiteElo "2070"]
[BlackElo "2180"]
[PlyCount "150"]
[EventDate "2025.08.12"]
[EventType "swiss"]
[EventRounds "9"]
[EventCountry "ENG"]

1. d4 f5 2. c4 Nf6 3. Nf3 d6 4. Nc3 g6 5. g3 Bg7 6. Bg2 O-O 7. O-O c6 8. Qc2 Nh5 9. e3 e5 10. b3 e4 11. Nd2 c5 12. dxc5 dxc5 13. Bb2 Nc6 14. Nd5 Be6 15. Bxg7 Kxg7 16. Rad1 Nf6 17. Qb2 Bxd5 18. cxd5 Nb4 19. Nc4 Nd3 20. Qc3 Kg8 21. Rxd3 exd3 22. Qxd3 b5 23. Nd2 Qa5 24. e4 fxe4 25. Nxe4 Nxe4 26. Bxe4 c4 27. bxc4 bxc4 28. Qxc4 Rac8 29. Qd3 Qc3 30. Qe2 Qd4 31. Rd1 Rxf2 32. Qxf2 Qxd1+ 33. Kg2 Rf8 34. Bf3 Qd3 35. d6 a5 36. a4 Qxd6 37. Qa2+ Kg7 38. Qb2+ Qf6 39. Qb3 Qd4 40. h4 Qd2+ 41. Kh3 h5 42. Qb7+ Rf7 43. Qb3 Qb4 44. Qd1 Qc3 45. Kg2 Qf6 46. Qd3 Qf5 47. Qd4+ Kh7 48. Qd1 Rc7 49. Qd5 Rc2+ 50. Kg1 Rc1+ 51. Kg2 Rc2+ 52. Kg1 Qxd5 53. Bxd5 Kg7 54. Be6 Kf6 55. Bd7 Rb2 56. Be8 Kf5 57. Bd7+ Ke4 58. Bc6+ Ke3 59. Kf1 Rc2 60. Bd5 Rc5 61. Bb7 Rc2 62. Bd5 Rc5 63. Bb7 Rc4 64. Kg2 Rxa4 65. Bc6 Rg4 66. Bd7 a4 67. Kh3 a3 68. Bxg4 hxg4+ 69. Kxg4 a2 70. Kg5 a1=Q 71. Kxg6 Ke4 72. g4 Qa6+ 73. Kh5 Kf4 74. g5 Kf5 75. g6 Qxg6# 0-1

[Event "Kingston Invitational Swiss"]
[Site "Kingston-upon-Thames"]
[Date "2025.08.12"]
[Round "2.21"]
[White "Rushbrooke, Remy"]
[Black "McMichael, Richard J"]
[Result "1/2-1/2"]
[WhiteElo "2090"]
[BlackElo "2112"]
[PlyCount "93"]
[EventDate "2025.08.12"]
[EventType "swiss"]
[EventRounds "9"]
[EventCountry "ENG"]

1. Nf3 e6 2. g3 b6 3. Bg2 Bb7 4. c4 f5 5. b3 Nf6 6. Bb2 Be7 7. O-O O-O 8. d3 Qe8 9. Nbd2 Qh5 10. e4 fxe4 11. dxe4 Nc6 12. e5 Ng4 13. h3 Nh6 14. Nd4 Qf7 15. Nxc6 Bxc6 16. Bxc6 dxc6 17. Kg2 Rad8 18. Qe2 Nf5 19. Nf3 Qg6 20. Rad1 h5 21. Kh2 c5 22. Rxd8 Rxd8 23. Rd1 Rxd1 24. Qxd1 Qe8 25. Bc1 Qc6 26. Bg5 Kf7 27. g4 hxg4 28. hxg4 Nd4 29. Nxd4 cxd4 30. Bxe7 Kxe7 31. Qxd4 Qf3 32. c5 Ke8 33. cxb6 axb6 34. Kg1 c5 35. Qa4+ Kf8 36. Qc4 Kf7 37. a4 Ke7 38. a5 bxa5 39. Qxc5+ Kf7 40. Qc4 Qb7 41. Qd3 Qc6 42. Qd4 Qb7 43. Qe3 Qb4 44. Qf3+ Kg6 45. Kg2 Qd4 46. Qg3 Qe4+ 47. Kh3 1/2-1/2

[Event "Kingston Invitational Swiss"]
[Site "Kingston-upon-Thames"]
[Date "2025.08.12"]
[Round "2.22"]
[White "Fegan, Chris"]
[Black "Kumar, Sachin"]
[Result "1-0"]
[WhiteElo "1994"]
[BlackElo "1800"]
[PlyCount "64"]
[EventDate "2025.08.12"]
[EventType "swiss"]
[EventRounds "9"]
[EventCountry "ENG"]

1. Nf3 d5 2. b3 Nf6 3. Bb2 c5 4. e3 g6 5. c4 e6 6. d4 cxd4 7. Qxd4 Bg7 8. cxd5 Qxd5 9. Qxd5 exd5 10. Nc3 O-O 11. Rd1 Be6 12. Nd4 Nc6 13. Nxe6 fxe6 14. Bd3 Rac8 15. O-O Rfd8 16. Ne2 Nd7 17. Bxg7 Kxg7 18. Nf4 Kf7 19. e4 Nf6 20. exd5 exd5 21. Rfe1 Re8 22. f3 Rxe1+ 23. Rxe1 Re8 24. Rxe8 Kxe8 25. g4 d4 26. g5 Nd7 27. Kf2 Nde5 28. Be4 Ke7 29. Nd5+ Kf7 30. a3 Ke6 31. Nf6 Nd7 32. Nxd7 Kxd7 1-0

[Event "Kingston Invitational Swiss"]
[Site "Kingston-upon-Thames"]
[Date "2025.08.12"]
[Round "2.23"]
[White "Keen, Maya"]
[Black "Adams, Mark A"]
[Result "1-0"]
[WhiteElo "1805"]
[BlackElo "1912"]
[PlyCount "67"]
[EventDate "2025.08.12"]
[EventType "swiss"]
[EventRounds "9"]
[EventCountry "ENG"]

1. d4 Nf6 2. c4 e6 3. g3 Be7 4. Bg2 d6 5. Nf3 O-O 6. O-O Nbd7 7. Qc2 c6 8. e4 Qc7 9. b3 Re8 10. Bb2 e5 11. Rd1 Bf8 12. Nbd2 a5 13. c5 dxc5 14. dxe5 Ng4 15. Nc4 Re6 16. h3 Ngxe5 17. Ncxe5 Nxe5 18. Nxe5 Rxe5 19. Bxe5 Qxe5 20. Rac1 Be7 21. Qc3 Qxc3 22. Rxc3 g6 23. f4 a4 24. g4 axb3 25. axb3 Ra3 26. g5 c4 27. Rxc4 Rxb3 28. Kh2 Kg7 29. Rcd4 Be6 30. R4d3 Rb2 31. R3d2 Rb3 32. Rf2 Bc5 33. f5 Bxf2 34. f6+ 1-0

[Event "Kingston Invitational Swiss"]
[Site "Kingston-upon-Thames"]
[Date "2025.08.12"]
[Round "2.24"]
[White "Han, Qixuan"]
[Black "Mistry, Jaden"]
[Result "1-0"]
[WhiteElo "1896"]
[BlackElo "1768"]
[PlyCount "73"]
[EventDate "2025.08.12"]
[EventType "swiss"]
[EventRounds "9"]
[EventCountry "ENG"]

1. Nf3 d5 2. e3 c5 3. b3 Nc6 4. Bb2 Bg4 5. Bb5 e6 6. Bxc6+ bxc6 7. d3 Nf6 8. h3 Bh5 9. O-O Bd6 10. Nbd2 O-O 11. e4 Bc7 12. Qe2 Re8 13. g4 Bg6 14. Ne5 Bxe5 15. Bxe5 Nd7 16. Bg3 d4 17. f4 f5 18. e5 Nb6 19. Nc4 Nxc4 20. bxc4 Rb8 21. gxf5 Bxf5 22. Kh2 Rb2 23. Rg1 Qa5 24. Bh4 Rxa2 25. Rxa2 Qxa2 26. Bf6 Bg6 27. h4 gxf6 28. h5 Kf7 29. hxg6+ hxg6 30. exf6 Rh8+ 31. Kg3 a5 32. Rg2 a4 33. Qe5 a3 34. Qc7+ Kxf6 35. Qe5+ Kf7 36. Qxh8 Qb1 37. Qh2 1-0

[Event "Kingston Invitational Swiss"]
[Site "Kingston-upon-Thames"]
[Date "2025.08.12"]
[Round "2.25"]
[White "Pirgon, Joshua"]
[Black "Lin, William"]
[Result "1/2-1/2"]
[WhiteElo "1849"]
[BlackElo "1678"]
[PlyCount "35"]
[EventDate "2025.08.12"]
[EventType "swiss"]
[EventRounds "9"]
[EventCountry "ENG"]

1. e4 c5 2. Nf3 d6 3. d4 cxd4 4. Nxd4 Nf6 5. Nc3 g6 6. f4 Bg7 7. e5 dxe5 8. fxe5 Nfd7 9. e6 fxe6 10. Nxe6 Bxc3+ 11. bxc3 Qa5 12. Qd4 Nf6 13. Bc4 Nc6 14. Qe3 Ng4 15. Ng7+ Kf8 16. O-O+ Bf5 17. Ne6+ Ke8 18. Ng7+ 1/2-1/2